Zero pollution for industry (Record no. 2711)

000 -LEADER
fixed length control field 00941nam a2200277 a 4500
001 - CONTROL NUMBER
control field 2711
003 - CONTROL NUMBER IDENTIFIER
control field BD-DhUET
008 - FIXED-LENGTH DATA ELEMENTS--GENERAL INFORMATION
fixed length control field 950227s1995 nyua b 001 0 eng
020 ## - INTERNATIONAL STANDARD BOOK NUMBER
International Standard Book Number 0471121649
040 ## - CATALOGING SOURCE
Original cataloging agency DLC
Transcribing agency DLC
Modifying agency BD-DhUET
082 ## - DEWEY DECIMAL CLASSIFICATION NUMBER
Classification number 628.54
Item number NEM/1995
100 ## - MAIN ENTRY--PERSONAL NAME
Personal name Nemerow, Nelson Leonard
245 10 - TITLE STATEMENT
Title Zero pollution for industry
Remainder of title waste minimization through industrial complexes
Statement of responsibility, etc. by Nelson Leonard Nemerow
250 ## - EDITION STATEMENT
Edition statement 1st
260 ## - PUBLICATION, DISTRIBUTION, ETC. (IMPRINT)
Place of publication, distribution, etc. New York
Name of publisher, distributor, etc. John Wiley & Sons
Date of publication, distribution, etc. 1995
300 ## - PHYSICAL DESCRIPTION
Extent xiii, 217 p.
Other physical details ill.
Dimensions 25 cm.
504 ## - BIBLIOGRAPHY, ETC. NOTE
Bibliography, etc Includes bibliographies
650 #0 - SUBJECT ADDED ENTRY--TOPICAL TERM
Topical term or geographic name as entry element Factory and trade waste
650 #0 - SUBJECT ADDED ENTRY--TOPICAL TERM
Topical term or geographic name as entry element Waste minimization
650 #0 - SUBJECT ADDED ENTRY--TOPICAL TERM
Topical term or geographic name as entry element Recycling (Waste, etc.)
650 #0 - SUBJECT ADDED ENTRY--TOPICAL TERM
Topical term or geographic name as entry element Industrial sites
942 ## - ADDED ENTRY ELEMENTS (KOHA)
Koha item type General Book
856 42 - ELECTRONIC LOCATION AND ACCESS
Uniform Resource Identifier http://www.loc.gov/catdir/bios/wiley044/95010072.html
856 42 - ELECTRONIC LOCATION AND ACCESS
Uniform Resource Identifier http://www.loc.gov/catdir/description/wiley037/95010072.html
856 4# - ELECTRONIC LOCATION AND ACCESS
Uniform Resource Identifier http://www.loc.gov/catdir/toc/onix04/95010072.html
Holdings
Lost status Piece designation (barcode) Withdrawn status Price effective from Source of classification or shelving scheme Copy number Sublocation or collection (holding branch) Koha item type Koha date last seen Shelving location Not for loan Koha full call number Date acquired Location (home branch) Damaged status Koha normalized classification for sorting
 99528 2014-09-29 1Central Library, BUETGeneral Book2014-09-29Circulation section 628.54/NEM/19952014-09-29Central Library, BUET 628_000000000000000_54NEM1995
 99529 2014-09-29 2Central Library, BUETGeneral Book2016-03-05Circulation section 628.54 NEM/19952014-09-29Central Library, BUET 628_540000000000000_NEM1995